| 000 | 00341nam a2200145Ia 4500 | ||
|---|---|---|---|
| 008 | 230917s9999||||xx |||||||||||||| ||und|| | ||
| 040 |
_e39460 _aMAIN |
||
| 041 | _aEnglish | ||
| 082 | _a658.4 J33M | ||
| 100 | _aJay, Antony | ||
| 245 | 0 | _aManagement and machiavelli | |
| 260 |
_aLondon _bHutchinson _c1987 |
||
| 300 | _a245 p. | ||
| 942 | _cBK | ||
| 999 |
_c54402 _d54402 |
||